000 01114 a2200217 4500
005 2008091608388.0
008 080916t xxu||||| |||| 00| 0 hin d
010 _aHIN-80949
020 _a8190292471
_c675.00
035 _aHN-53295
037 _bD.B.Act / pub
082 _a820.9
100 _aशील, ईश्वरदत्त
245 _aहिन्दी साहित्य का मध्यकाल
_cईश्वरदत्त शील
246 _aHindi Sahitya ka Madhyakaal
_bby Ishwer Datt Sheel
260 _aकानपुर
_bगरिमा प्रकाशन
_c2007
300 _a432पृ
_c22 सेमी (सजिल्द)
270 _a132 शिवराम कृपा,मयूर पार्क, बसन्त विहार
_bकानपुर
_e208021
_k(0512)2634444, 2071058, 09415125867
942 _adpl
_cHN
_k820.9 / शीलई
_2ddc
_h820.9
_mशीलई
999 _c7395
_d7395